男孩, 鼴鼠, 狐狸與馬 / (Record no. 7611)
[ view plain ]
| 000 -LEADER | |
|---|---|
| fixed length control field | 00972cnm a2200313 i 4500 |
| 001 - CONTROL NUMBER | |
| control field | 588036 |
| 003 - CONTROL NUMBER IDENTIFIER | |
| control field | YEEZEN |
| 005 - DATE AND TIME OF LATEST TRANSACTION | |
| control field | 20241025134932.0 |
| 008 - FIXED-LENGTH DATA ELEMENTS--GENERAL INFORMATION | |
| fixed length control field | 220915s2022 ch chi d |
| 020 ## - INTERNATIONAL STANDARD BOOK NUMBER | |
| International Standard Book Number | 9789863987284 |
| Qualifying information | (精裝) : |
| Terms of availability | NT$699 |
| 040 ## - CATALOGING SOURCE | |
| Original cataloging agency | NTUT |
| Language of cataloging | chi |
| Description conventions | CCR |
| Transcribing agency | NTUT |
| 041 1# - LANGUAGE CODE | |
| Language code of text/sound track or separate title | chi |
| Language code of original | eng |
| 042 ## - AUTHENTICATION CODE | |
| Authentication code | nbic |
| 084 ## - OTHER CLASSIFICATION NUMBER | |
| Classification number | 873.6 |
| Number source | ncsclt |
| 090 ## - LOCALLY ASSIGNED LC-TYPE CALL NUMBER (OCLC); LOCAL CALL NUMBER (RLIN) | |
| Classification number (OCLC) (R) ; Classification number, CALL (RLIN) (NR) | 873.6 |
| 100 1# - MAIN ENTRY--PERSONAL NAME | |
| Personal name | 麥克斯 |
| Titles and words associated with a name | (Mackesy, Charlie) |
| 240 14 - UNIFORM TITLE | |
| Uniform title | The boy, the mole, the fox and the horse. |
| Language of a work | 中文 |
| 245 10 - TITLE STATEMENT | |
| Title | 男孩, 鼴鼠, 狐狸與馬 / |
| Statement of responsibility, etc. | 查理.麥克斯(Charlie Mackesy)作 ; 韓絜光譯 |
| 246 33 - VARYING FORM OF TITLE | |
| Title proper/short title | 男孩鼴鼠狐狸與馬 |
| 250 ## - EDITION STATEMENT | |
| Edition statement | 第一版 |
| 260 ## - PUBLICATION, DISTRIBUTION, ETC. | |
| Place of publication, distribution, etc. | 臺北市 : |
| Name of publisher, distributor, etc. | 天下雜誌, |
| Date of publication, distribution, etc. | 2022.01 |
| 300 ## - PHYSICAL DESCRIPTION | |
| Extent | 1冊 : |
| Other physical details | 部份彩圖 ; |
| Dimensions | 22公分 |
| 490 1# - SERIES STATEMENT | |
| Series statement | 美好生活 ; |
| Volume/sequential designation | 27. |
| 500 ## - GENERAL NOTE | |
| General note | 譯自 : The boy, the mole, the fox and the horse. |
| 650 #7 - SUBJECT ADDED ENTRY--TOPICAL TERM | |
| Topical term or geographic name entry element | 英國文學 |
| Source of heading or term | lcstt. |
| 700 1# - ADDED ENTRY--PERSONAL NAME | |
| Personal name | 韓絜光 |
| 830 #0 - SERIES ADDED ENTRY--UNIFORM TITLE | |
| Uniform title | 美好生活 ; |
| Volume/sequential designation | 27. |
| 942 ## - ADDED ENTRY ELEMENTS (KOHA) | |
| Source of classification or shelving scheme | 中文圖書分類法 |
| Koha item type | 一般圖書 |
| 撤銷狀態 | 遺失狀態 | 分類號來源 | 損壞狀態 | 不外借 | 永久館藏地 | 現在館藏地 | 書架位置 | 採購日期 | 全部借出 | 全部續借 | 完整索書號 | 條碼號 | 最後一次日期記錄 | Date last checked out | 一般價格有效日期 | Koha館藏類型 | 公開資訊 |
|---|---|---|---|---|---|---|---|---|---|---|---|---|---|---|---|---|---|
| 未註銷館藏 | 未遺失 | 中文圖書分類法 | 未損毀 | 可外借 | 怡仁綜合醫院圖書館 | 怡仁綜合醫院圖書館 | 2024-10-25 | 6 | 3 | 873.6 | C03190 | 2025-06-11 | 2025-06-09 | 2024-10-25 | 一般圖書 | 這是一本給所有人的書,每個人懷著各自的生命經歷,都能產生獨一無二共鳴。作者碰過最小的讀者只有三歲,到他年近九十的母親,都與他分享從書中得到的溫暖。我們的故事或許都不同,但我們都需要愛,也有能力愛。 |